Οι νερόμυλοι του Ρεθύμνου : μια ιστορική προσέγγιση της ακμής και παρακμής του προβιομηχανικού οικισμού
Αποθηκεύτηκε σε:
| Κύριος συγγραφέας: | |
|---|---|
| Άλλοι συγγραφείς: | , |
| Μορφή: | Βιβλίο |
| Γλώσσα: | Greek |
| Δημοσίευση: |
Ρέθυμνο :
[χ.ό.],
1996.
|
| Θέματα: | |
| Ετικέτες: |
Προσθήκη ετικέτας
Δεν υπάρχουν, Καταχωρήστε ετικέτα πρώτοι!
|
MARC
| LEADER | 00000cam a2200000 i 4500 | ||
|---|---|---|---|
| 001 | 1/20977 | ||
| 008 | 120621s1996 gr | ||| |||| ||gre|| | ||
| 020 | |a 96085866305 | ||
| 035 | |l 10112798 | ||
| 040 | |a GR-MyUA |b gre |e AACR2 | ||
| 041 | 0 | |a gre | |
| 082 | 7 | |a 621.21 |2 (22) | |
| 100 | 1 | |a Μαραγκάκης, Μανούσος Ν. | |
| 245 | 1 | 3 | |a Οι νερόμυλοι του Ρεθύμνου : |b μια ιστορική προσέγγιση της ακμής και παρακμής του προβιομηχανικού οικισμού / |c Μανούσος Ν. Μαραγκάκης ; σε συνεργασία με τους μαθητές της ομάδας "Τεχνομάθεια - Μυλομάθεια" του Ενιαίου Πολυκλαδικού Λυκείου Ρεθύμνου ; πρόλογος Νίκη Γουλανρδή, Φαλή Βογιατζάκη. |
| 260 | |a Ρέθυμνο : |b [χ.ό.], |c 1996. | ||
| 300 | |a 108 σ. : |b εικ. ; |c 23 εκ. | ||
| 504 | |a Βιβλιογραφία σ. 104-105. | ||
| 650 | 0 | |a Water mills |z Greece |z Rethymnon (Municipality) | |
| 651 | 0 | |a Rethymnon (Greece : Municipality) |x History. | |
| 700 | 1 | |a Γουλανδρή, Νίκη, |e aui | |
| 700 | 1 | |a Βογιατζάκη, Φάλη, |e aui | |
| 852 | |a INST |b SAMOS |e 20120621 |h 621.21 ΜΑΡ |p 005300033721 |q 005300033721 |t BK |y 0 | ||
| 901 | |a BIBL3-2012-2 | ||
| 970 | |a ΓΟΥΒΑΛΑ |b ΒΑΣΩ |z 2012/06/21 | ||